000 00620nam a22001817a 4500
003 LK-CoMWRAF
005 20231214144246.0
008 231214b |||||||| |||| 00| 0 eng d
020 _a9789551772383
040 _aLK-CoMWRAF
_dLK-CoMWRAF
_eLK-CoMWRAF
041 _asin
082 _a303.48
_bSUN
245 _aසුනාමියෙන් පසු අපේ ජීවිත
246 _aSunamiyen pasu ape jeewitha
260 _aකොළඹ :
_bසමාජ විද්‍යාඥයින්ගේ සංගමය,
_c2009
650 _aසමාජ ආපදා--ශ්‍රී ලංකාව
942 _cBK
999 _c4455
_d4455